<?xml version="1.0" encoding="UTF-8"?>
<record
    xmlns:xsi="http://www.w3.org/2001/XMLSchema-instance"
    xsi:schemaLocation="http://www.loc.gov/MARC21/slim http://www.loc.gov/standards/marcxml/schema/MARC21slim.xsd"
    xmlns="http://www.loc.gov/MARC21/slim">

  <leader>01635naa a2200229 i 4500</leader>
  <controlfield tag="001">747</controlfield>
  <controlfield tag="003">KOSZ 005</controlfield>
  <controlfield tag="005">20180428085755.0</controlfield>
  <controlfield tag="008">140223s2007    pl     f     |100 0 pol</controlfield>
  <datafield tag="040" ind1=" " ind2=" ">
    <subfield code="c">BPK</subfield>
    <subfield code="d">KOSZ 005/EG</subfield>
  </datafield>
  <datafield tag="080" ind1=" " ind2=" ">
    <subfield code="a">621.59</subfield>
  </datafield>
  <datafield tag="100" ind1="1" ind2=" ">
    <subfield code="a">BOHDAL, Tadeusz.</subfield>
    <subfield code="d">1996 -  .</subfield>
    <subfield code="b">Politechnika Koszali&#x144;ska - Wydzia&#x142; Mechaniczny,</subfield>
    <subfield code="c">Katedra Techniki Cieplnej i Ch&#x142;odnictwa</subfield>
  </datafield>
  <datafield tag="245" ind1="1" ind2="0">
    <subfield code="a">Badanie zaniku skraplania czynnika ch&#x142;odniczego w kanale rurowym /</subfield>
    <subfield code="c">Tadeusz Bohdal, Henryk Charun, Marcin &#x141;omiak.</subfield>
  </datafield>
  <datafield tag="500" ind1=" " ind2=" ">
    <subfield code="a">Dane z autopsji.</subfield>
  </datafield>
  <datafield tag="520" ind1=" " ind2=" ">
    <subfield code="a">Przeprowadzono badania zaniku skraplania czynnika ch&#x142;odniczego w przep&#x142;ywie w kanale rurowym. Zanik skraplania wywo&#x142;anego poprzez jednostkow&#x105; zmian&#x119; parametr&#xF3;w uk&#x142;adu dwufazowego, np. ci&#x15B;nienia i g&#x119;sto&#x15B;ci strumienia masy w kanale rurowym. Potwierdzono, &#x17C;e o&#x15B;rodki dwufazowe wykazuj&#x105; w&#x142;asno&#x15B;ci falowe a wywo&#x142;ywane zaburzenia przemieszczaj&#x105; si&#x119; ze sko&#x144;czon&#x105; pr&#x119;dko&#x15B;ci&#x105;. Badania przeprowadzono przy wykorzystaniu spr&#x119;&#x17C;arkowego obiegu ch&#x142;odniczego z ekologicznym czynnikiem ch&#x142;odniczym R404A.</subfield>
  </datafield>
  <datafield tag="650" ind1=" " ind2="0">
    <subfield code="a">Ch&#x142;odnictwo - urz&#x105;dzenia.</subfield>
  </datafield>
  <datafield tag="655" ind1=" " ind2="0">
    <subfield code="a">Materia&#x142;y konferencyjne.</subfield>
  </datafield>
  <datafield tag="700" ind1="1" ind2=" ">
    <subfield code="a">CZAPP, Marian.</subfield>
    <subfield code="d">1996 - 2004.</subfield>
    <subfield code="b">Politechnika Koszali&#x144;ska - Wydzia&#x142; Mechaniczny,</subfield>
    <subfield code="c">Katedra Techniki Cieplnej i Ch&#x142;odnictwa</subfield>
  </datafield>
  <datafield tag="711" ind1="2" ind2="2">
    <subfield code="a">Sympozjum Wymiany Ciep&#x142;a i Masy</subfield>
    <subfield code="n">(13 ;</subfield>
    <subfield code="d">2007 ;</subfield>
    <subfield code="c">Koszalin - Dar&#x142;&#xF3;wko, Polska).</subfield>
  </datafield>
  <datafield tag="773" ind1="0" ind2=" ">
    <subfield code="t">XIII Sympozjum Wymiany Ciep&#x142;a i Masy : Koszalin - Dar&#x142;&#xF3;wko, 03-06 wrze&#x15B;nia 2007. T. 1 / red. Henryk Charun. -</subfield>
    <subfield code="d">Koszalin : Wydaw. Uczelniane Politechniki Koszali&#x144;skiej, 2007. -</subfield>
    <subfield code="g">s. 229-238</subfield>
  </datafield>
  <datafield tag="942" ind1=" " ind2=" ">
    <subfield code="c">ROZ</subfield>
    <subfield code="2">UKD</subfield>
  </datafield>
  <datafield tag="999" ind1=" " ind2=" ">
    <subfield code="c">747</subfield>
    <subfield code="d">747</subfield>
  </datafield>
  <datafield tag="952" ind1=" " ind2=" ">
    <subfield code="0">0</subfield>
    <subfield code="1">0</subfield>
    <subfield code="4">0</subfield>
    <subfield code="7">0</subfield>
    <subfield code="a">BPK</subfield>
    <subfield code="b">BPK</subfield>
    <subfield code="o">85468</subfield>
    <subfield code="y">ROZ</subfield>
  </datafield>
</record>
